<?xml version="1.0" encoding="UTF-8"?>
<record
    xmlns:xsi="http://www.w3.org/2001/XMLSchema-instance"
    xsi:schemaLocation="http://www.loc.gov/MARC21/slim http://www.loc.gov/standards/marcxml/schema/MARC21slim.xsd"
    xmlns="http://www.loc.gov/MARC21/slim">

  <leader>005170000a22001450004500</leader>
  <controlfield tag="001">19188</controlfield>
  <datafield tag="020" ind1=" " ind2=" ">
    <subfield code="a">0-567-30078-1</subfield>
  </datafield>
  <datafield tag="100" ind1="1" ind2=" ">
    <subfield code="a">Greinacher, Norbert., (Editor)</subfield>
  </datafield>
  <datafield tag="245" ind1="1" ind2="0">
    <subfield code="a">Diakonia : Church for others / Edited by Norbert Greinacher, Norbert Mette</subfield>
  </datafield>
  <datafield tag="260" ind1=" " ind2=" ">
    <subfield code="a">Edinburgh, Scotland : T. &amp; T. Clark</subfield>
  </datafield>
  <datafield tag="300" ind1=" " ind2=" ">
    <subfield code="a">xii, 134 p&#xE1;ginas</subfield>
  </datafield>
  <datafield tag="501" ind1=" " ind2=" ">
    <subfield code="a">R&#xFA;stico</subfield>
  </datafield>
  <datafield tag="505" ind1="0" ind2="0">
    <subfield code="a">El enfoque de la necesidad humana - La compasi&#xF3;n divina como una comisi&#xF3;n cristiana - &#xC1;reas de conflicto en la praxis diaconal</subfield>
  </datafield>
  <datafield tag="942" ind1=" " ind2=" ">
    <subfield code="c">BK</subfield>
  </datafield>
  <datafield tag="999" ind1=" " ind2=" ">
    <subfield code="c">45559</subfield>
    <subfield code="d">45559</subfield>
  </datafield>
</record>
